000
00222 a2200097 4500
001
46173
100
_a
Petter M
245
_a
Oxford Juniors Encyclopedia
260
_a
London
_b
Oxford University
_c
090
_c
29279
_d
29279
942
_a
NUST-CAE
_c
M
_c
21423
999
_c
281246
_d
281246